[Event "BCF-chT3 0809 (4NCL)"]
[Site "Hinckley Island"]
[Date "2009.05.02"]
[Round "9.1"]
[White "Kanike, Uday Kumar"]
[Black "Bass, John W"]
[Result "1/2-1/2"]
[WhiteElo "2050"]
[BlackElo "2101"]
[PlyCount "52"]
[EventDate "2008.10.18"]
[EventType "team-swiss"]
[EventRounds "11"]
[EventCountry "ENG"]
[SourceTitle "EXT 2010"]
[Source "ChessBase"]
[SourceDate "2010.11.25"]
[SourceVersion "1"]
[SourceVersionDate "2010.11.25"]
[SourceQuality "1"]
[WhiteTeam "WOB"]
[BlackTeam "Bristol II"]
[WhiteTeamCountry "ENG"]
[BlackTeamCountry "ENG"]

1. d4 d5 2. Nf3 c6 3. c3 Bg4 4. Ne5 Bf5 5. Qb3 Qb6 6. Qxb6 axb6 7. Bf4 Nf6 8. Nd2 e6 9. e3 h6 10. Bd3 Bxd3 11. Nxd3 Nbd7 12. h3 Be7 13. 0-0 0-0 14. Rfe1 b5 15. a3 Rfe8 16. Nf3 Nb6 17. Nfe5 Nc4 18. Rac1 g5 19. Bh2 Ne4 20. Nxc4 bxc4 21. Ne5 f5 22. Rc2 Kg7 23. f3 Nf6 24. g4 Rad8 25. Rg2 fxg4 26. Nxg4 Nxg4 1/2-1/2

[Event "BCF-chT3 0809 (4NCL)"]
[Site "Hinckley Island"]
[Date "2009.03.22"]
[Round "8.2"]
[White "Neatherway, A Philip"]
[Black "Kanike, Uday Kumar"]
[Result "0-1"]
[WhiteElo "1960"]
[BlackElo "2050"]
[PlyCount "79"]
[EventDate "2008.10.18"]
[EventType "team-swiss"]
[EventRounds "11"]
[EventCountry "ENG"]
[SourceTitle "EXT 2010"]
[Source "ChessBase"]
[SourceDate "2010.11.25"]
[SourceVersion "1"]
[SourceVersionDate "2010.11.25"]
[SourceQuality "1"]
[WhiteTeam "Oxford III"]
[BlackTeam "WOB"]
[WhiteTeamCountry "ENG"]
[BlackTeamCountry "ENG"]

1. d4 Nf6 2. c4 e6 3. Nf3 c5 4. d5 exd5 5. cxd5 d6 6. Nc3 Bf5 7. e4 Bd7 8. Bd3 a6 9. a4 Be7 10. h3 a5 11. 0-0 Na6 12. Re1 Nb4 13. Bc4 0-0 14. e5 Ne8 15. Bf4 dxe5 16. Nxe5 Nd6 17. Nxd7 Qxd7 18. Bxd6 Bxd6 19. Nb5 Rad8 20. Qd2 h6 21. Rad1 Rfe8 22. Be2 Qf5 23. Bf3 Rxe1+ 24. Rxe1 Bf4 25. Qc3 b6 26. g3 Bg5 27. d6 Bf6 28. Qe3 g5 29. Bg4 Qc2 30. Re2 Qxa4 31. Qf3 Kg7 32. Nc7 Qd1+ 33. Kg2 Qxd6 34. Ne8+ Rxe8 35. Rxe8 Bxb2 36. Qe2 Bd4 37. Bh5 Nd5 38. Bf3 a4 39. Ra8 Be5 40. Rxa4 0-1